000 00424pab a2200157 454500
008 180718b1982 xxu||||| |||| 00| 0 eng d
100 _aShetty, H.B.N.
245 _aOrganisational structure of a water authority: The Madras Metropolitan Water Supply and Sewerage Board
260 _c1982
300 _ap.65-77.
362 _aJan-Mar
650 _aWater supply
773 _aNagarlok
908 _aN
909 _a101842
999 _c101840
_d101840